Outer Wilds - Instruments - Statistiques

Statistiques générales
  • Ce quiz a été pris 135 fois
  • Le résultat moyen est 5 sur 7
Statistiques - réponses
Personnage Instrument % Correct
Riébeck Banjo
96%
Feldspath Harmonica
89%
Esker Sifflements
88%
Chail Tambours
88%
Gabbro Flûte
83%
Solanum Piano
80%
Le Prisonnier Thérémine / Scie musicale
12%
Aucun quiz correspondant
Distribution des résultats
% des personnes avec chaque résultat
Percentile par nombre de réponses
Votre historique - résultats
Vous n’avez pas pris ce quiz